Influencia de la jurisprudencia de la sala constitucional en el ordenamiento presupuestario costarricense /

Uloženo v:
Podrobná bibliografie
Hlavní autor: Matamoros Carvajal, Guillermo
Médium: Text
Tagy: Přidat tag
Žádné tagy, Buďte první, kdo vytvoří štítek k tomuto záznamu!

MARC

LEADER 00000 a a2200000 04500
001 48206
003
040
100 |a Matamoros Carvajal, Guillermo  
245 |a Influencia de la jurisprudencia de la sala constitucional en el ordenamiento presupuestario costarricense /  |c Guillermo Matamoros Carvajal  
773 |g volumen20, número2, (2013), páginas 81-99  
999 |c 33171  |d 33171